000
00307nam a2200121 a 4500
005
20140414131856.0
008
100901s19uu xx 00 eng d
050
_a
FIL
_b
C28 2008
100
_a
Bravo, Becky
245
_a
The Cat painter.
260
_a
Manila, Philippines :
_b
Adarna,
_c
2008.
999
_c
110443
_d
110443